All Pokémon with Gluttony - Statistics

General Stats
  • This quiz has been taken 7 times
  • The average score is 19 of 35
Answer Stats
(Avail)ability Pokémon % Correct
First Ability Alolan Raticate
100%
First Ability Alolan Rattata
100%
Hidden Ability Greedent
100%
Hidden Ability Munchlax
100%
Hidden Ability Skwovet
100%
Hidden Ability Snorlax
100%
Second Ability Alolan Grimer
60%
Second Ability Alolan Muk
60%
Hidden Ability Bellsprout
60%
Second Ability Galarian Linoone
60%
Second Ability Galarian Zigzagoon
60%
Second Ability Linoone
60%
First Ability Panpour
60%
First Ability Pansage
60%
First Ability Pansear
60%
First Ability Simipour
60%
First Ability Simisage
60%
First Ability Simisear
60%
Hidden Ability Victreebel
60%
Hidden Ability Weepinbell
60%
Second Ability Zigzagoon
60%
Second Ability Appletun
40%
Second Ability Applin
40%
Second Ability Dipplin
40%
Second Ability Flapple
40%
First Ability Galarian Slowpoke
40%
Hidden Ability Grumpig
20%
Hidden Ability Gulpin
20%
First Ability Heatmor
20%
Second Ability Lechonk
20%
Second Ability Oinkologne♀
20%
Second Ability Oinkologne♂
20%
Second Ability Shuckle
20%
Hidden Ability Spoink
20%
Hidden Ability Swalot
20%
No matching quizzes found
Score Distribution
Percent of People with Each Score
Percentile by Number Answered
Your Score History
You have not taken this quiz